Hãy quý trọng bản thân: Tư vấn về chăm sóc vệ sinh thân thể

में बचाया:
ग्रंथसूची विवरण
मुख्य लेखक: Nguyễn Thị Ngọc Toản
स्वरूप: पुस्तक
भाषा:Undetermined
प्रकाशित: H. Thanh Niên 2003
विषय:
टैग : टैग जोड़ें
कोई टैग नहीं, इस रिकॉर्ड को टैग करने वाले पहले व्यक्ति बनें!
Thư viện lưu trữ: Trung tâm Học liệu Trường Đại học Cần Thơ
LEADER 00616nam a2200193Ia 4500
001 CTU_54161
008 210402s9999 xx 000 0 und d
020 |b 21500 
082 |a 613.0433 
082 |b T406 
100 |a Nguyễn Thị Ngọc Toản 
245 0 |a Hãy quý trọng bản thân: Tư vấn về chăm sóc vệ sinh thân thể 
245 0 |c Nguyễn Thị Ngọc Toản 
260 |a H. 
260 |b Thanh Niên 
260 |c 2003 
650 |a health education,youth,health promotion 
650 |x health and hygiene 
980 |a Trung tâm Học liệu Trường Đại học Cần Thơ